Statistics for Word Scramble - Valentine's Day Edition

Click here to take the quiz!

General Stats

  • This quiz has been taken 751 times
  • The average score is 6 of 6

Answer Stats

HintAnswer% Correct
ovelLove
100%
darcCard
99%
aydDay
99%
tineenlavValentine
98%
danycCandy
95%
eatoclcohChocolate
95%

Score Distribution

Percentile by Number Answered

Percent of People with Each Score

Your Score History

You have not taken this quiz